Breach of faith: (Record no. 25780)

MARC details
000 -LEADER
fixed length control field 00730 a2200181 4500
010 ## - LCCN (DPL NO)
LC control number B-284468, B-213550
020 ## - INTERNATIONAL STANDARD BOOK NUMBER
Terms of availability 300.00
International Standard Book Number 8170174120
035 ## - SYSTEM CONTROL NUMBER
System control number B-284468, B-093627, B-213550,B-213546
037 ## - SOURCE OF ACQUISITION
Source of stock number/acquisition Pansy Books
082 ## - DEWEY DECIMAL CLASSIFICATION NUMBER
Classification number N
100 ## - MAIN ENTRY--PERSONAL NAME
Personal name Basu, Romen
245 ## - TITLE STATEMENT
Title Breach of faith:
Statement of responsibility, etc by Romen Basu
Remainder of title a novel /
260 ## - PUBLICATION, DISTRIBUTION, ETC. (IMPRINT)
Place of publication, distribution, etc New Delhi
Name of publisher, distributor, etc Abhinav Publications
Date of publication, distribution, etc 2002
270 ## - ADDRESS
City New Delhi
Address E-37, Hauz Khas
Postal code 110016
Telephone number 6566387, 6562784, 6524658
Fax number 91-11-6857009
Electronic mail address shakti@nde.vsnl.net.in
300 ## - PHYSICAL DESCRIPTION
Extent 207p.
Dimensions 21cm. (Hb)
942 ## - ADDED ENTRY ELEMENTS (KOHA)
Institution code [OBSOLETE] dpl
Item type English Books
Source of classification or shelving scheme Dewey Decimal Classification
Classification part N
Call number suffix BAS
Holdings
Withdrawn status Lost status Not for loan Collection code Home library Current library Date acquired Source of acquisition Cost, normal purchase price Full call number Barcode Copy number Cost, replacement price Koha item type
      Fiction R.C.Libraries (zls) R.C.Libraries (zls) 08/11/2018   300.00 N BAS B-213550 1 300.00 English Books
      Fiction Sarojini Nagar Sarojini Nagar 12/12/2018     N BAS B-082266     English Books
      Fiction Sarojini Nagar Sarojini Nagar 17/12/2018     N BAS B-213549     English Books
      Fiction Sarojini Nagar Sarojini Nagar 17/12/2018     N BAS B-213535     English Books
      Fiction Shahdara Branch Shahdara Branch 14/07/2018 BPPD/PUB 300.00 N BAS B-093627   300.00 English Books
      Non-fiction Vigyan Vihar Vigyan Vihar 26/02/2019 BPPD/PUB 0.00 N BAS B-213546   0.00 English Books
      Fiction Vinoba Puri Vinoba Puri 17/04/2009 Pansy/782/5.8.08/184/21.7.08/13.8.08 300.00 N BAS B-284468 1 300.00 English Books
      Fiction Yojana Vihar Yojana Vihar 20/09/2019 BPPD/PUB 300.00 N BAS B-213545   300.00 English Books

© Delhi Public Library
Hit Counter
free hit counter